000 01466nam a2200325 i 4500
001 000003322
003 DO-SdBNP
005 20260519144510.0
007 ta
008 090708s1992 dr a r 001 0 spa d
020 _a848953800X
040 _aDO-SdBNP
_bspa
_cBNPHU
_erda
041 1 1 _aspa
_bfren
_heng
082 4 _axxx
_bxxx
_222
111 1 _aEncuentro internacional pobreza y medio ambiente en el Caribe
_cSantiago, República Dominicana
_d(1992, octubre. 21-25)
_986805
245 1 0 _aPobreza y medio ambiente = Poverty and environment = Pauvrete et environnement :
_bbasado principalmente en las actas de un encuentro internacional /
_ccompiladores, Gavino Severino, Víctor Eddy Ruiz ; traducción, Lourdes Meyreles, Isabel Germosén.
246 3 1 _iPoverty and environment
246 3 1 _aPauvreté et environnement
264 1 _aSanto Domingo :
_bENDA-Caribe ; PUCMM,
_c1992.
270 _aENDA- Caribe
_aApartado. 3370
_bSanto Domingo
_dRepública Dominicana
_k1 809 566-8321
_l1 809 541-3259
_m[email protected]
_m[email protected]
300 _a440 páginas ;
_c21 cm.
336 _atexto
_btxt
_2rdacontent
337 _asin mediación
_bn
_2rdamedia
338 _avolumen
_bnc
_2rdacarrier
700 1 _aSeverino, Gavino,
_ecompilador
_4comp.
_910437
700 1 _aRuiz, Víctor Eddy,
_ecompilador
_4comp.
_910438
700 1 _aMeyreles, Lourdes,
_etraductor
_4tr.
_910439
700 1 _aGermosén, Isabel,
_etraductor
_4tr.
_910440
942 _2ddc
_cLBS1
999 _c3153
_d3153